00675nam a2200133 a 4500008004100000050001900041100002900060245019500089260009500284300001900379350000900398500010300407650003100510070424s2006 ||||||||||||||||| || u aTHESIS/STUDENT aMufichani, Pamela Chakwa14aThe use of a special purpose vehicle as a tool for financing local authority roadworks: a case of Kitwe City Councilcthesis by Pamela Chakwa Mufichani and supervised by Nalumino Akakandelwa aKitwebCopperbelt University, School of Built Environment, Department of Real Estatec2006 aviv;95p.; ill. a0.00 athesis submitted in partial fulfilment for the award of Bachelor of Science degree in Land Economy aFINANCING -- ZAMBIA--ROADS